| 000 | 00458cam a2200145 4500500 | ||
|---|---|---|---|
| 005 | 20251228074214.0 | ||
| 041 | _afre | ||
| 042 | _adc | ||
| 100 | 1 | 0 |
_aDiethelm, Marie-Bénédicte _eauthor |
| 245 | 0 | 0 | _aVoyager avec Balzac |
| 260 | _c2005. | ||
| 500 | _a28 | ||
| 786 | 0 | _nL'Année balzacienne | 6 | 1 | 2005-06-01 | p. 201-240 | 0084-6473 | |
| 856 | 4 | 1 | _uhttps://shs.cairn.info/revue-l-annee-balzacienne-2005-1-page-201?lang=fr&redirect-ssocas=7080 |
| 999 |
_c1597140 _d1597140 |
||